| 000 | 00383nam a2200145Ia 4500 | ||
|---|---|---|---|
| 008 | 150128s9999 xx 000 0 und d | ||
| 020 | _a0451527321 | ||
| 050 |
_aCLA _bSw5g 1999 |
||
| 100 | _aSwift, Jonathan. | ||
| 245 | _aGulliver's travels / | ||
| 250 | _aJonathan Swift. | ||
| 260 |
_aNew York: _bPenguin Books, _c1999. |
||
| 300 |
_a311 pages : _c18 cm. |
||
| 650 | _xFiction. | ||
| 999 |
_c278902 _d278902 |
||